|
|
|
|
| LEADER |
00617nam a2200169Ia 4500 |
| 001 |
184308 |
| 008 |
170722s9999 xx 000 0 und d |
| 020 |
|
|
|a 9780470932025
|
| 100 |
|
|
|a Gebali, Fayez
|
| 245 |
|
|
|a Algorithms and Parallel Computing /
|
| 260 |
|
|
|b Wiley Online Library ,
|c 2011.
|
| 653 |
|
|
|a Computer Science,networking
|
| 923 |
|
|
|d 20170227
|n 000841
|
| 942 |
|
|
|c GEN
|
| 999 |
|
|
|c 157071
|d 157071
|
| 952 |
|
|
|0 0
|1 0
|4 0
|6 B_311OAD65131_Q1
|7 0
|9 220324
|a LIB
|b LIB
|d 2017-03-02
|e D C Books
|o B311oaD6513:1 Q1
|p 304276
|r 2017-08-12
|y GEN
|
| 952 |
|
|
|0 0
|1 0
|4 0
|7 0
|8 EB
|9 220325
|a LIB
|b LIB
|d 2017-08-12
|h E-book
|p EB13
|r 2017-08-12
|w 2017-08-12
|y GEN
|